[Event "Olympiad-38"]
[Site "Dresden"]
[Date "2008.11.14"]
[Round "2"]
[White "Fancy, Stuart"]
[Black "Peiris, TGM"]
[Result "0-1"]
[WhiteElo "2128"]
[BlackElo "2100"]
[PlyCount "124"]
[EventDate "2008.11.13"]
[EventType "team-swiss"]
[EventRounds "11"]
[EventCountry "GER"]
[SourceTitle "CBM 128"]
[Source "ChessBase"]
[SourceDate "2009.01.28"]
[SourceVersion "1"]
[SourceVersionDate "2009.01.28"]
[SourceQuality "1"]
[WhiteTeam "Papua New Guinea"]
[BlackTeam "Sri Lanka"]
[WhiteTeamCountry "PNG"]
[BlackTeamCountry "SRI"]

1. a3 d5 2. g3 e5 3. Bg2 Bc5 4. c4 c6 5. Qc2 dxc4 6. Qxc4 Na6 7. b4 Bd4 8. Nc3 Nc7 9. Nf3 Be6 10. Qd3 Nf6 11. e3 Bxc3 12. Qxc3 e4 13. Ng5 Qd5 14. Nxe6 Nxe6 15. Bb2 Rd8 16. h4 0-0 17. Bf1 b5 18. Be2 Rd6 19. g4 Rfd8 20. g5 Ne8 21. Rd1 a6 22. Qe5 Qb3 23. g6 hxg6 24. h5 Rd5 25. Qc3 Qxc3 26. Bxc3 gxh5 27. Bxh5 Nd6 28. Be2 c5 29. bxc5 Nxc5 30. Rg1 Nf5 31. Bg4 f6 32. Bxf6 gxf6 33. Bxf5+ Kf7 34. Bg6+ Ke6 35. f3 exf3 36. Bb1 Nd3+ 37. Bxd3 Rxd3 38. a4 b4 39. Rg4 a5 40. Rc4 f2+ 41. Kxf2 Rxd2+ 42. Rxd2 Rxd2+ 43. Ke1 Ra2 44. Rc6+ Kf7 45. Rc7+ Kg6 46. Kd1 Rxa4 47. Kc2 Ra3 48. Re7 Rc3+ 49. Kd2 Rc5 50. Rb7 Kf5 51. Rb6 Ke5 52. Rb7 Kd5 53. Rf7 Ke6 54. Rb7 f5 55. Kd3 Kd6 56. e4 fxe4+ 57. Kxe4 Kc6 58. Rb8 Rd5 59. Rc8+ Kb7 60. Rh8 Rd6 61. Ke5 Rb6 62. Kd5 b3 0-1